00563nam a2200205Ia 4500003000400000005001700004008004100021020001800062040001800080041000800098082001800106100002300124245003500147250001200182260004300194300003100237650002100268650003100289650003700320OSt20260202111047.0210716s2009 xx 000 0 und d a9788131501504 cAIMIT LIBRARY aeng a339 24bMANN aMankiw, N Gregory. aPrinciples of macroeconomics / a4th ed. aNew Delhi :bCengage Learning ,c2009. axxxii,583p. ;bPBc23.3 cm aHow markets work aThe data of macroeconomics aMoney and prices in the long run